[Event "Reykjavik"]
[Site "Reykjavik"]
[Date "1989.??.??"]
[Round "?"]
[White "Arnason, Jon L"]
[Black "Eingorn, Vereslav S"]
[Result "1-0"]
[WhiteElo "2550"]
[BlackElo "2570"]

1.e4 e6 2.d4 d5 3.Nc3 Bb4 4.e5 Ne7 5.a3 Bxc3+ 6.bxc3 c5 7.Qg4 Kf8 8.a4 Qc7
9.Nf3 b6 10.Ba3 h6 11.Bd3 Ba6 12.O-O Kg8 13.a5 Bxd3 14.cxd3 Nd7 15.c4 Kh7
16.cxd5 Nxd5 17.Qe4+ g6 18.Rfc1 Kg7 19.Nd2 Rab8 20.Nc4 Qd8 21.axb6 axb6 22.dxc5 bxc5
23.Ne3 Nb4 24.d4 Qc7 25.d5 exd5 26.Nxd5 Qxe5 27.Qxe5+ Nxe5 28.Nxb4 cxb4 29.Bb2 f6
30.Rc7+ Nf7 31.Rc6 Rhe8 32.Rxf6 Nh8 33.f4 Kg8 34.Ra7 b3 35.Rc6 Re2 36.Rg7+ Kf8
37.Rh7 Nf7 38.Rc7 Re7 39.Ba3  1-0

[Event "Sagua la Grande"]
[Site "Sagua la Grande"]
[Date "1989.??.??"]
[Round "5"]
[White "Sieiro Gonzalez, Luis"]
[Black "Arencibia, Walter"]
[Result "0-1"]
[WhiteElo "2395"]
[BlackElo "2395"]

1.e4 e6 2.d4 d5 3.Nc3 Bb4 4.e5 b6 5.Bd2 Bf8 6.a4 a5 7.Qg4 Ne7 8.Nf3 Qd7 9.Bb5 c6
10.Be2 Ba6 11.O-O Nf5 12.Rfe1 Be7 13.Bd1 c5 14.Ne2 Nc6 15.c3 h5 16.Qh3 O-O-O
17.Ng3 Bd3 18.Be2 Bxe2 19.Rxe2 g6 20.Nxf5 gxf5 21.dxc5 bxc5 22.b4 cxb4 23.cxb4 axb4
24.Be3 Kb7 25.Bd4 Rc8 26.Bb2 h4 27.a5 Rhg8 28.Nd2 Na7 29.Nb3 Rc4 30.Qd3 Qb5
31.f3 Ka8 32.h3 Rc7 33.Qe3 Qa6 34.Bd4 Nb5 35.Qd3 Rc4 36.Kh1  0-1

[Event "JUG-ch (Women)"]
[Site "Split"]
[Date "1989.??.??"]
[Round "6"]
[White "Kovacevic, Radmila"]
[Black "Vuksanovic, Sanja"]
[Result "0-1"]
[WhiteElo "2095"]
[BlackElo "2040"]

1.e4 e6 2.d4 d5 3.Nc3 Bb4 4.e5 Ne7 5.Qg4 O-O 6.Bg5 Qe8 7.a3 Bxc3+ 8.bxc3 Nd7
9.Bd3 f5 10.Qg3 c5 11.h4 Kh8 12.Nh3 Nc6 13.Be3 Nb6 14.Nf4 Nc4 15.h5 Rf7 16.Ng6+ Kg8
17.Bxc4 dxc4 18.Qh4 Rd7 19.Nf4 b5 20.h6 g6 21.Rd1 cxd4 22.cxd4 Qe7 23.Qxe7 Rxe7
24.Ne2 Bb7 25.Bg5 Rd7 26.c3 Na5 27.Nf4 Bd5 28.Ra1 Nb3 29.Nxd5 Rxd5 30.Ra2 Kf7
31.Ke2 a5 32.Rb1 Rc8 33.Be3 Rc7 34.Rc2 Rdd7 35.Ke1 Rb7 36.Bd2 b4 37.axb4 axb4
38.cxb4 Rxd4 39.f3 Rb5 40.f4 g5 41.g3 Rd3 42.Ra2 Rxg3 43.Kf2 Rh3 44.Kg2 Rxh6
45.fxg5 Rh4 46.Ra7+ Kg6 47.Bc3 Rg4+ 48.Kf3 Rd5 49.Kf2 Rd3 50.Be1 Nd4 51.Kf1 c3
52.Rc1 Rf3+ 53.Bf2 Rgf4 54.Ra2 c2 55.Raxc2 Nxc2 56.Rxc2 Rxb4 57.Kg2 Rfb3
58.Rc6 Rg4+ 59.Kf1 Rb1+ 60.Ke2 Re4+ 61.Kd3 Rxe5 62.Bd4 Re4 63.Bf6 h6  0-1

[Event "SWE-ch"]
[Site "?"]
[Date "1989.??.??"]
[Round "?"]
[White "Winge, Stefan"]
[Black "Renman, Nils Gustaf"]
[Result "1-0"]
[WhiteElo "2270"]
[BlackElo "2410"]

1.e4 e6 2.d4 d5 3.Nc3 Bb4 4.e5 Ne7 5.a3 Bxc3+ 6.bxc3 c5 7.a4 Nbc6 8.Nf3 Qa5
9.Bd2 Bd7 10.Bb5 c4 11.O-O f5 12.Ng5 h6 13.Qh5+ g6 14.Qh4 Qd8 15.Nh3 a6 16.Bxc6 Bxc6
17.Bxh6 Kd7 18.Qf4 a5 19.Bg5 Qe8 20.Qc1 Nc8 21.Nf4 Rg8 22.h4 Nb6 23.Qb2 Kc7
24.Qa3 Nc8 25.Rfb1 b6 26.Kf1 Kb7 27.Ke2 Ka6 28.Rh1 Ra7 29.f3 Rh7 30.Kd2 Ka7
31.Bf6 Rb7 32.Rh2 Rh7 33.Rhh1 Qd7 34.Rhg1 Qe8 35.g3 Ka6 36.Rg2 Ka7 37.Rag1 Bxa4
38.g4 fxg4 39.Rxg4 Bd7 40.h5 g5 41.Rxg5 Rxg5 42.Rxg5 Qf7 43.Ng6 Rxh5 44.Rxh5 Qxg6
45.Rg5 Qh6 46.Kc1 Be8 47.Kb2 Bg6 48.Qa4 Ka6 49.Qd7 Na7 50.Bd8 Qh2 51.Rxg6  1-0

[Event "SWE-FIN"]
[Site "?"]
[Date "1989.??.??"]
[Round "2"]
[White "Raaste, Eero J"]
[Black "Renman, Nils Gustaf"]
[Result "1-0"]
[WhiteElo "2375"]
[BlackElo "2410"]

1.e4 e6 2.d4 d5 3.Nc3 Bb4 4.e5 Ne7 5.a3 Bxc3+ 6.bxc3 c5 7.Qg4 O-O 8.Bd3 Nd7
9.Nf3 f5 10.Qh3 Re8 11.Rg1 Nf8 12.g4 Qc7 13.Bd2 Bd7 14.Qg3 Ba4 15.Kd1 cxd4
16.cxd4 Nfg6 17.h4 Rac8 18.Rc1 Nf8 19.h5 Qd7 20.Nh4 Rc7 21.Bb4 fxg4 22.Qxg4 Nc8
23.f4 Bb5 24.f5 Bxd3 25.cxd3 Rxc1+ 26.Kxc1 exf5 27.Nxf5 Ne6 28.Kd2 Kh8 29.h6 g6
30.Ng7 Qf7 31.Nxe8 Qf2+ 32.Kc3 Nf4 33.Qxc8 Ne2+ 34.Kb3 Nxd4+ 35.Ka4 b5+ 36.Ka5 Nb3+
37.Kxb5 Qb6+ 38.Ka4 Qa6+ 39.Kxb3 Qxc8 40.Nd6 Qf8 41.Re1 Qf2 42.e6 Qf3 43.e7  1-0

[Event "Szekszard op"]
[Site "Szekszard"]
[Date "1989.??.??"]
[Round "8"]
[White "Luther, Thomas"]
[Black "Lovass, Imre"]
[Result "1-0"]
[WhiteElo "2410"]
[BlackElo "2265"]

1.e4 e6 2.d4 d5 3.Nc3 Bb4 4.e5 Ne7 5.Bd2 Nf5 6.Nce2 Be7 7.c3 h5 8.Ng3 g6
9.Nxf5 gxf5 10.h4 Bxh4 11.g3 Be7 12.Rxh5 Kd7 13.Nh3 Qg8 14.Bg2 Nc6 15.Bg5 Qg7
16.Kd2 b5 17.Bxe7 Kxe7 18.Rxh8 Qxh8 19.Nf4 Bd7 20.Qb3 Rb8 21.Rh1 Qg7 22.a3 a5
23.Qd1 b4 24.Qh5 Rg8 25.Qh4+ f6 26.Bxd5 Nd8 27.Bc4 Nf7 28.Re1 Qg5 29.exf6+ Kxf6
30.Bxe6 Qxh4 31.gxh4 Bc6 32.Nh5+  1-0

[Event "Tallinn-B"]
[Site "Tallinn"]
[Date "1989.??.??"]
[Round "?"]
[White "Karner, Hillar"]
[Black "Vooremaa, Andres"]
[Result "1/2-1/2"]
[WhiteElo "2365"]
[BlackElo "2390"]

1.e4 e6 2.d4 d5 3.Nc3 Bb4 4.e5 Qd7 5.Qg4 f5 6.Qh5+ g6 7.Qd1 b6 8.h4 h6 9.a3 Bf8
10.b4 Nc6 11.Nh3 Bb7 12.Be3 O-O-O 13.Bd3 Kb8 14.Ne2 Qf7 15.Bd2 Rc8 16.b5 Nd8
17.a4 c5 18.c3 c4 19.Bc2 Rc7 20.Qb1 Ne7 21.Nhf4 Rh7 22.g3 g5 23.Ng2 Rg7 24.Ng1 Nc8
25.Nf3 Qg8 26.Ke2 Nf7 27.a5 bxa5 28.Rxa5 Be7 29.Qa2 gxh4 30.Ngxh4 Rg4 31.Rxa7 Nxa7
32.b6 Nc6 33.bxc7+ Kxc7 34.Rb1 Bxh4 35.Qb2 Nfd8 36.gxh4 Re4+ 37.Kf1 Qg4 38.Ng1 Qxh4
39.f3 Qh2 40.Ba4 Rh4 41.Bxc6 Kxc6 42.Qa3 Kd7 43.Be1 Rh5 44.Qd6+ Kc8 45.Rxb7 Kxb7
46.Qxd8 Rg5 47.Qe7+ Kb8  1/2-1/2

[Event "Tallinn-B"]
[Site "Tallinn"]
[Date "1989.??.??"]
[Round "?"]
[White "Kiik, Kalle"]
[Black "Vooremaa, Andres"]
[Result "1-0"]
[WhiteElo "2395"]
[BlackElo "2390"]

1.e4 e6 2.d4 d5 3.Nc3 Bb4 4.e5 Qd7 5.Bd2 Nc6 6.Nf3 b6 7.a3 Bf8 8.Bd3 h6 9.b4 Bb7
10.Ne2 Nge7 11.Nf4 a6 12.c3 Na7 13.Qe2 Qa4 14.O-O Bc6 15.Rfc1 Bb5 16.c4 Bxc4
17.Bxc4 dxc4 18.Qxc4 c6 19.Be3 Rc8 20.Nd2 Kd7 21.Qe2 Nd5 22.Nd3 a5 23.bxa5 Qxa5
24.Nc4 Qa6 25.a4 Ra8 26.a5 Nc8 27.Qe1 Qb7 28.axb6 Rxa1 29.Rxa1 Ncxb6 30.Qb1 Bb4
31.Na5  1-0

[Event "Tallinn-B"]
[Site "Tallinn"]
[Date "1989.??.??"]
[Round "?"]
[White "Rytshagov, Mikhail"]
[Black "Vooremaa, Andres"]
[Result "1/2-1/2"]
[WhiteElo "2425"]
[BlackElo "2390"]

1.e4 e6 2.d4 d5 3.Nc3 Bb4 4.e5 Qd7 5.Bd2 b6 6.Bb5 Nc6 7.Nce2 Bf8 8.Nf3 Bb7
9.c3 a6 10.Ba4 Nge7 11.Nf4 h6 12.O-O O-O-O 13.Re1 Kb8 14.h3 Nc8 15.Nh5 Rg8
16.Nh2 Be7 17.Ng4 Qe8 18.Re3 Qf8 19.Bc2 Rh8 20.Rf3 Bg5 21.Qc1 Bxd2 22.Qxd2 Rd7
23.b4 Nd8 24.a4 c5 25.bxc5 bxc5 26.dxc5 Rc7 27.Rb1 Rxc5 28.Bd3 Ka8 29.Rf4 Rc7
30.Rfb4 Nc6 31.Rf4 Rg8 32.Qe2 Ka7 33.Qe3+ Ka8 34.Qe2 Ka7 35.Qe3+ Ka8 36.Qe2  1/2-1/2

[Event "JPN-ch"]
[Site "Tokyo"]
[Date "1989.??.??"]
[Round "?"]
[White "Pineau, Jacques"]
[Black "Takemoto, Naoko"]
[Result "1/2-1/2"]
[WhiteElo "2280"]
[BlackElo "2030"]

1.e4 e6 2.d4 d5 3.Nc3 Bb4 4.e5 Qd7 5.a3 Bxc3+ 6.bxc3 b6 7.a4 Ba6 8.Bxa6 Nxa6
9.Ba3 Nb8 10.Qg4 f5 11.Qg3 Nc6 12.Nf3 O-O-O 13.O-O a5 14.Nd2 Qf7 15.Rab1 Nge7
16.Qd3 Kb7 17.Nb3 Ka7 18.Nc5 Nb8 19.Rb5 Nec6 20.Rbb1 Ka8 21.Nb3 Qd7 22.Rfd1 Na7
23.Ra1 Qc6 24.Nd2 Rd7 25.c4 dxc4 26.Qxc4 Qxc4 27.Nxc4 Rhd8 28.c3 Nac6 29.f4 Na6
30.Ne3 g6 31.Kf2  1/2-1/2

[Event "Wch U20"]
[Site "Tunja"]
[Date "1989.??.??"]
[Round "7"]
[White "Hernandez, Gilberto"]
[Black "Rodriguez, Andres"]
[Result "1/2-1/2"]
[WhiteElo "2300"]
[BlackElo "2295"]

1.e4 e6 2.d4 d5 3.Nc3 Bb4 4.e5 Ne7 5.a3 Bxc3+ 6.bxc3 c5 7.Nf3 Qa5 8.Bd2 Nbc6
9.a4 Bd7 10.Bb5 c4 11.O-O O-O-O 12.Qe2 h6 13.Rfb1 g5 14.h4 Rdg8 15.Bxc6 Bxc6
16.hxg5 Qd8 17.gxh6 Nf5 18.g3 Nxh6 19.Kg2 Nf5 20.a5 Rg7 21.a6 b6 22.Rh1 Bb5
23.Rxh8 Qxh8 24.Ng5 Kd7 25.Rh1 Qg8 26.Qh5 Ba4 27.Rc1 Rg6 28.Bf4 Rg7 29.Bd2 Kc7
30.g4 Ne7 31.f4 b5 32.Kf3 Kb6 33.Qh1 Kxa6 34.Ra1 Nc6 35.Bc1 Rxg5 36.fxg5 Qg6
37.Qd1 Qe4+ 38.Kg3 Ne7 39.Ra2 Ng6 40.Bd2 Kb6 41.Qb1 Bb3 42.Rb2 Ba4  1/2-1/2

[Event "Wch U20"]
[Site "Tunja"]
[Date "1989.??.??"]
[Round "11"]
[White "Koch, Jean Rene"]
[Black "Gdanski, Jacek"]
[Result "0-1"]
[WhiteElo "2420"]
[BlackElo "2405"]

1.e4 e6 2.d4 d5 3.Nc3 Bb4 4.e5 Ne7 5.a3 Bxc3+ 6.bxc3 c5 7.Qg4 Qc7 8.Qxg7 Rg8
9.Qxh7 cxd4 10.Ne2 Nbc6 11.f4 Bd7 12.Qd3 dxc3 13.Rb1 O-O-O 14.Nxc3 Na5 15.Nb5 Bxb5
16.Rxb5 Kb8 17.g3 Rc8 18.Kd1 Nf5 19.Bh3 a6 20.Rb4 Nxg3 21.hxg3 Rxg3 22.Qe2 Rh8
23.Qf1 Qc5 24.Bb2 Nc4  0-1

[Event "Venezia m"]
[Site "Venezia"]
[Date "1989.??.??"]
[Round "6"]
[White "Spassky, Boris V"]
[Black "Huebner, Robert"]
[Result "1/2-1/2"]
[WhiteElo "2580"]
[BlackElo "2600"]

1.e4 e6 2.d4 d5 3.Nc3 Bb4 4.e5 b6 5.Qg4 Bf8 6.Nf3 Ne7 7.Bg5 Qd7 8.h4 h5 9.Qf4 Ba6
10.Bxa6 Nxa6 11.Ne2 Nb4 12.Qd2 Nf5 13.c3 Nc6 14.Nf4 Be7 15.Bxe7 Qxe7 16.Qd3 O-O-O
17.b4 Rh6 18.Qa6+ Kb8 19.Nd3  1/2-1/2

[Event "Vrnjacka Banja"]
[Site "Vrnjacka Banja"]
[Date "1989.??.??"]
[Round "?"]
[White "Reyes, Juan"]
[Black "Sahovic, Dragutin"]
[Result "1-0"]
[WhiteElo "2445"]
[BlackElo "2410"]

1.e4 e6 2.d4 d5 3.Nc3 Bb4 4.e5 Qd7 5.Bd2 b6 6.Bb5 c6 7.Ba4 a5 8.a3 Bf8 9.Nce2 Ba6
10.c3 Bb5 11.Bc2 a4 12.Nf3 c5 13.dxc5 bxc5 14.O-O Nc6 15.Re1 Na5 16.Nf4 Ne7
17.Ng5 g6 18.Qf3 Nf5 19.Bxf5 gxf5 20.Qh5 Ra6 21.Rad1 Bc4 22.Bc1 Bg7 23.Qh3 h6
24.Nh5 Kf8 25.Nf3 Qe7 26.Qg3 f6 27.Nh4 Qf7 28.exf6 Bxf6 29.Ng6+ Ke8 30.Nxf6+ Qxf6
31.Nxh8 Kd7 32.Ng6 Kc8 33.Ne5 Bb3 34.Rd3 Ra7 35.Qg8+ Kb7 36.Nd7  1-0

[Event "Warsaw op"]
[Site "Warsaw"]
[Date "1989.??.??"]
[Round "?"]
[White "Raaste, Eero J"]
[Black "Bany, Jerzy"]
[Result "0-1"]
[WhiteElo "2395"]
[BlackElo "2440"]

1.e4 e6 2.d4 d5 3.Nc3 Bb4 4.e5 Ne7 5.a3 Bxc3+ 6.bxc3 b6 7.Qg4 Ng6 8.Bd3 Ba6
9.Bxg6 hxg6 10.Nf3 Qd7 11.a4 Nc6 12.Bg5 Na5 13.Nd2 c5 14.dxc5 Qc7 15.Be3 bxc5
16.f4 Rb8 17.Qd1 Rd8 18.Bf2 Qc6 19.h4 Bb7 20.Qf3 Ba6 21.Rh3 Rb8 22.h5 gxh5
23.Rxh5 Kd7 24.Qh3 Qc8 25.Rxh8 Qxh8 26.Bxc5 Qxh3 27.gxh3 Rh8 28.O-O-O Rxh3
29.Kb2 Rh4 30.Bxa7 Rxf4 31.Bd4 g5 32.Rg1 g4 33.Be3 Rxa4 34.Bd4 Be2 35.Rg2 Bf3
36.Nxf3 gxf3 37.Rf2 Nc4+ 38.Kb3 Ra8 39.Kb4 Rb8+ 40.Ka4 f6 41.exf6 e5 42.Rxf3 exd4
43.cxd4 Ke6  0-1

[Event "Warsaw op"]
[Site "Warsaw"]
[Date "1989.??.??"]
[Round "?"]
[White "Sznapik, Aleksander"]
[Black "Gizynski, Tomasz"]
[Result "1-0"]
[WhiteElo "2455"]
[BlackElo "2370"]

1.e4 e6 2.d4 d5 3.Nc3 Bb4 4.e5 Qd7 5.a3 Bxc3+ 6.bxc3 b6 7.Qg4 f5 8.Qh5+ Qf7
9.Qf3 Nc6 10.h4 Bb7 11.Nh3 h6 12.h5 Nge7 13.Nf4 O-O-O 14.a4 Na5 15.Bd3 Kb8
16.Ba3 Rhg8 17.Bb4 Nec6 18.Ng6 Qd7 19.g4 fxg4 20.Qxg4 Nc4 21.Rh3 a5 22.Ba3 Nxa3
23.Rxa3 Na7 24.Nh4 Nc8 25.f4 Ka7 26.Ra1 Ba6 27.Bg6 Rgf8 28.Kd2 Ne7 29.Re3 Nxg6
30.Nxg6 Rf7 31.Rf3 Re8 32.Nh4 Ref8 33.f5 exf5 34.Qg6 Bc8 35.Re1 Re8 36.Ng2 f4
37.Rxf4 Rxf4 38.Nxf4 Rf8 39.Rf1 Qg4 40.Qxg4 Bxg4 41.Ke3 Bxh5 42.Rg1 g6 43.Nxd5 Rf3+
44.Ke4 Kb7 45.Rh1 Rf2 46.Rh3 Rxc2 47.Nf6 c6 48.e6 Re2+ 49.Re3 Rxe3+ 50.Kxe3 Kc7
51.e7 g5 52.Nxh5 Kd7 53.c4 Kxe7 54.Ke4 Kd6 55.Ng3 Ke7 56.d5  1-0

[Event "Legion op"]
[Site "Warsaw"]
[Date "1989.??.??"]
[Round "5"]
[White "Widera, Jan"]
[Black "Jurek, Josef"]
[Result "1-0"]
[WhiteElo "2265"]
[BlackElo "2355"]

1.e4 e6 2.d4 d5 3.Nc3 Bb4 4.e5 b6 5.Qg4 Bf8 6.Nh3 Qd7 7.a4 Ba6 8.Bxa6 Nxa6
9.O-O Ne7 10.Qe2 Nb4 11.Rd1 c5 12.Nb5 Ng6 13.dxc5 Bxc5 14.Kh1 a6 15.Nd4 Bxd4
16.Rxd4 Nc6 17.Rd1 Ngxe5 18.f4 Nc4 19.f5 O-O-O 20.b3 Nd6 21.fxe6 fxe6 22.Qxa6+ Qb7
23.Qe2 Rde8 24.c4 Ne4 25.Bb2 Ng5 26.cxd5 exd5 27.Qb5 Re7 28.Rxd5 Rhe8 29.Bd4 Na5
30.Rd6 Re1+ 31.Rxe1 Rxe1+ 32.Ng1 Nxb3 33.Rxb6 Qe7 34.Rc6+ Kd8 35.Qb8+ Kd7
36.Qc8+  1-0

[Event "Zug"]
[Site "Zug"]
[Date "1989.??.??"]
[Round "?"]
[White "Gallagher, Joseph G"]
[Black "Landenbergue, Claude"]
[Result "1-0"]
[WhiteElo "2445"]
[BlackElo "2345"]

1.e4 e6 2.d4 d5 3.Nc3 Bb4 4.e5 Qd7 5.a3 Bxc3+ 6.bxc3 b6 7.Qg4 f5 8.Qg3 Bb7
9.Nh3 Nc6 10.Nf4 O-O-O 11.a4 Qf7 12.Ba3 Nge7 13.Be2 Rhg8 14.h4 Kb8 15.Bb4 a5
16.Ba3 Ka7 17.Rb1 Nc8 18.O-O N8e7 19.Rfd1 h6 20.Qd3 Nb8 21.Bh5 g6 22.Bxe7 Qxe7
23.Nxg6 Qd7 24.Nf4 Nc6 25.Qe3 Ba6 26.g3 Rb8 27.Kh2 Nd8 28.Ra1 Rc8 29.Be2 Bxe2
30.Qxe2 Qe7 31.c4 Rg4 32.Kh3 c6 33.f3 Rg8 34.Rab1 Rc7 35.Rb3 Qe8 36.c5 bxc5
37.dxc5 Qe7 38.Rb6 Rb7 39.Qa6+ Kb8 40.Rdb1  1-0

[Event "FRA-ch"]
[Site "Angers"]
[Date "1990.??.??"]
[Round "3"]
[White "Koch, Jean Rene"]
[Black "Vaisman, Volodia"]
[Result "1-0"]
[WhiteElo "2415"]
[BlackElo "2380"]

1.e4 e6 2.d4 d5 3.Nc3 Bb4 4.e5 Qd7 5.Bd2 b6 6.Bb5 c6 7.Ba4 Bf8 8.Nce2 Ne7
9.c3 Ba6 10.Nf3 h6 11.Bc2 Qc7 12.O-O c5 13.Re1 Nbc6 14.Ng3 g6 15.Rc1 Nf5
16.Nxf5 gxf5 17.Bb1 O-O-O 18.Bf4 Kb7 19.g3 Ne7 20.b4 cxb4 21.cxb4 Qd7 22.a4 Bc4
23.Nd2 Nc6 24.Nxc4 dxc4 25.Rxc4 Nxb4 26.Bd2 Nd5 27.Bd3 Bg7 28.Qe2 Kb8 29.Rb1 Rc8
30.a5 Rhd8 31.axb6 Nxb6 32.Rcb4 Rc7 33.Be3 Bf8 34.R4b3 Rdc8 35.d5 Qxd5 36.Rb5 Bc5
37.h4 Qd7 38.Kh2 Bxe3 39.Qxe3 Rb7 40.Be2 Rc2 41.Bf3 Qd2 42.Qxd2 Rxd2 43.Bxb7 Kxb7
44.Kg2 Ra2 45.Rc5 h5 46.Kf3 Ra4 47.Rb2 Rd4 48.Ra5 Kc6 49.Rxa7 Nc4 50.Re2 Nd2+
51.Kg2 Nc4 52.Rxf7 Rg4 53.f4  1-0

[Event "FRA-ch"]
[Site "Angers"]
[Date "1990.??.??"]
[Round "9"]
[White "Seret, Jean Luc"]
[Black "Vaisman, Volodia"]
[Result "1/2-1/2"]
[WhiteElo "2390"]
[BlackElo "2380"]

1.e4 e6 2.d4 d5 3.Nc3 Bb4 4.e5 Ne7 5.Bd2 b6 6.Nf3 c6 7.Ne2 Bxd2+ 8.Qxd2 Ba6
9.h4 h6 10.O-O-O c5 11.h5 Nbc6 12.Rh4 Nf5 13.Rg4 Bxe2 14.Bxe2 c4 15.Rf4 b5
16.g4 Nfe7 17.g5 Nf5 18.Rg1 b4 19.Kb1 Qb6 20.g6 fxg6 21.Rxg6 Nce7 22.Rg2 Rf8
23.Nh4 Nxh4 24.Rxh4 Rf7 25.Rhg4 Nf5 26.Rf4 O-O-O 27.Bg4 Rdf8 28.Bxf5 Rxf5
29.Rxf5 Rxf5 30.Rxg7 Rxh5 31.Qd1 Rg5 32.Rxg5 hxg5 33.Qh5 Qxd4 34.Qe8+ Kc7
35.Qe7+ Kc6 36.Qxe6+ Kb5 37.Qd7+ Kb6 38.Qd8+ Kb5 39.Qd7+ Kb6 40.Qd8+ Kb5
41.Qd7+  1/2-1/2

[Event "FRA-ch"]
[Site "Angers"]
[Date "1990.??.??"]
[Round "13"]
[White "Santo Roman, Marc"]
[Black "Roos, Louis"]
[Result "1-0"]
[WhiteElo "2435"]
[BlackElo "2380"]

1.e4 e6 2.d4 d5 3.Nc3 Bb4 4.e5 Qd7 5.Bd2 b6 6.Qg4 f5 7.exf6 Nxf6 8.Qh3 Qd8
9.g4 O-O 10.Nf3 Bxc3 11.bxc3 Ne4 12.Bd3 Qf6 13.Bxe4 dxe4 14.Ng5 Qxf2+ 15.Kd1 h6
16.Nxe4 Qf3+ 17.Qxf3 Rxf3 18.g5 h5 19.Ke2 Rh3 20.g6 Bb7 21.Ng5 Rh4 22.h3 Bxh1
23.Rxh1 Nd7 24.Nf3 Re4+ 25.Kd3 Nf6 26.Bg5 e5 27.Nd2 Rf4 28.Bxf4 exf4 29.Re1 Kf8
30.Re5 Re8 31.c4 c6 32.Nf3 Re7 33.Ng5 Ke8 34.Ne6 Kd7 35.Nxf4 c5 36.Nxh5 Rxe5
37.Nxf6+  1-0

[Event "FRA-ch"]
[Site "Angers"]
[Date "1990.??.??"]
[Round "15"]
[White "Santo Roman, Marc"]
[Black "Vaisman, Volodia"]
[Result "1-0"]
[WhiteElo "2435"]
[BlackElo "2380"]

1.e4 e6 2.d4 d5 3.Nc3 Bb4 4.e5 Ne7 5.Bd2 c5 6.f4 Nbc6 7.dxc5 Bxc5 8.Nf3 a6
9.Bd3 h6 10.Qe2 b5 11.g4 Nd4 12.Qg2 Nec6 13.O-O-O Bb7 14.Kb1 Nxf3 15.Qxf3 Qb6
16.Rhf1 O-O-O 17.Rde1 Qc7 18.Qg3 Na5 19.b3 Nc4 20.Bc1 Na3+ 21.Bxa3 Bxa3 22.Nd1 d4
23.f5 Kb8 24.h4 Rc8 25.Rf4 Rhd8 26.Qf2 Bb4 27.Re2 Bc5 28.h5 Be7 29.fxe6 fxe6
30.Rf7 Rf8 31.Rxf8 Rxf8 32.Qxd4 Rf1 33.Rd2 Re1 34.Bg6 Bd5 35.Kb2 Bc5 36.Qf4 Qe7
37.a4 b4 38.Bd3 Qa7 39.Bc4 Re4 40.Qf1 Bxc4 41.bxc4 Rxe5 42.Rd8+ Kc7 43.Qd3 Kb6
44.Rd7 Qb8 45.Rxg7 Re1 46.Ka2 Qd6 47.Nb2 Qxd3 48.Nxd3 Re4 49.a5+ Kc6 50.Kb3 Re3
51.Rh7 Bf8 52.Ra7 e5 53.Rxa6+ Kb7 54.Rf6 Bc5 55.Ka4 Bd4 56.Nxb4 Re1 57.a6+ Kc7
58.c3 Bg1 59.Kb5 e4 60.a7 Ra1 61.Ra6  1-0

[Event "AUT-chT"]
[Site "Austria"]
[Date "1990.??.??"]
[Round "?"]
[White "Felsberger, Alfred"]
[Black "Weinzettl, Ernst"]
[Result "0-1"]
[WhiteElo "2315"]
[BlackElo "2295"]

1.e4 e6 2.d4 d5 3.Nc3 Bb4 4.e5 Ne7 5.a3 Bxc3+ 6.bxc3 c5 7.a4 Nbc6 8.Nf3 Qa5
9.Bd2 Bd7 10.Bb5 a6 11.Bd3 f6 12.O-O c4 13.exf6 gxf6 14.Be2 Ng6 15.Re1 O-O-O
16.Bf1 e5 17.dxe5 fxe5 18.Be3 Bg4 19.Be2 Rhg8 20.Rb1 Qxc3 21.Ng5 Bxe2 22.Qxe2 Kb8
23.Red1 Nf4 24.Bxf4 exf4 25.Qe6 Rxg5 26.Qxc6 Qg7 27.Kh1 Rg6 28.Qc5 Rxg2 29.Rxd5 Rg8  0-1

[Event "AUT-chT"]
[Site "Austria"]
[Date "1990.??.??"]
[Round "?"]
[White "Topakian, Raffi"]
[Black "Weinzettl, Ernst"]
[Result "1-0"]
[WhiteElo "2230"]
[BlackElo "2295"]

1.e4 e6 2.d4 d5 3.Nc3 Bb4 4.e5 Ne7 5.a3 Bxc3+ 6.bxc3 c5 7.h4 Qa5 8.Bd2 Nbc6
9.h5 h6 10.Qg4 Rg8 11.Bd3 Nf5 12.Nf3 Qa4 13.Rb1 c4 14.Bxf5 exf5 15.Qg3 Qxa3
16.O-O g5 17.hxg6 Rxg6 18.Qh2 b6 19.Ra1 Qf8 20.Nh4 Rg8 21.Rfe1 Be6 22.Re3 O-O-O
23.Rf3 f6 24.Nxf5 fxe5 25.Bxh6 Qe8 26.dxe5 Qg6 27.Nd6+ Kb8 28.Rf6 Qg4 29.Nf7 Rc8
30.Ng5 Rxg5 31.Bxg5 Qxg5 32.Rxe6 Qf5 33.Rd6 Qxc2 34.e6 Ka8 35.Rxc6 Rxc6 36.e7 Rc8
37.e8=Q Rxe8 38.Qc7 a5  1-0

[Event "Bad Ragaz op"]
[Site "Bad Ragaz"]
[Date "1990.??.??"]
[Round "5"]
[White "Haist, Wolfgang"]
[Black "Jurek, Josef"]
[Result "0-1"]
[WhiteElo "2300"]
[BlackElo "2320"]

1.e4 e6 2.d4 d5 3.Nc3 Bb4 4.e5 b6 5.Bd2 Qd7 6.g3 Ba6 7.Bg2 Bf8 8.Be3 Ne7
9.Nh3 Nf5 10.Nf4 c5 11.Ncxd5 exd5 12.Bxd5 cxd4 13.Qf3 dxe3 14.O-O-O Bc5 15.e6 fxe6
16.Bxe6 Qc6 17.Bd5 Qf6 18.Be6 Ba3 19.c3 Qxc3+  0-1

[Event "Bad Ragaz op"]
[Site "Bad Ragaz"]
[Date "1990.??.??"]
[Round "5"]
[White "Vujovic, M."]
[Black "Leuba, Didier"]
[Result "1/2-1/2"]
[WhiteElo "2300"]
[BlackElo "2260"]

1.e4 e6 2.d4 d5 3.Nc3 Bb4 4.e5 Ne7 5.a3 Bxc3+ 6.bxc3 c5 7.a4 Nbc6 8.Nf3 Qa5
9.Bd2 Bd7 10.c4 Qc7 11.cxd5 Nxd5 12.c3 f6 13.Bb5 a6 14.Bxc6 Bxc6 15.exf6 gxf6
16.Qe2 Kf7 17.dxc5 Nf4 18.Bxf4 Qxf4 19.Nd4 Bd5 20.O-O Rhg8 21.g3 Rg5 22.Qe3 Qxe3
23.fxe3 Rc8 24.c6 bxc6 25.Rab1 c5 26.Nb3 Re5 27.Kf2 Re4 28.a5 Ra4 29.Rb2 Rb8
30.Rfb1 Bxb3 31.Rxb3 Rxb3 32.Rxb3 Rxa5 33.Rb7+ Kg6 34.Rb6 Kf5 35.Kf3 Ra3
36.g4+ Ke5 37.c4 Ra4 38.h4 Rxc4 39.Rxa6 f5 40.gxf5 Kxf5 41.Rc6 Rxh4 42.Rxc5+ e5
43.Ra5 h5 44.Ra8 Rh3+ 45.Kf2 h4 46.Ra4 e4 47.Ra5+ Kg4 48.Re5 Rh2+ 49.Kg1 Ra2
50.Rxe4+ Kg3 51.Rf4 h3 52.Rf1 Rg2+  1/2-1/2

[Event "Baden-Baden op"]
[Site "Baden-Baden"]
[Date "1990.??.??"]
[Round "8"]
[White "Lau, Ralf"]
[Black "Biebinger, Gerhard"]
[Result "1-0"]
[WhiteElo "2475"]
[BlackElo "2290"]

1.e4 e6 2.d4 d5 3.Nc3 Bb4 4.e5 b6 5.Qg4 Bf8 6.Nf3 Qd7 7.Be2 Bb7 8.O-O Nc6
9.a3 O-O-O 10.Bd3 Kb8 11.Re1 Na5 12.Ne2 Rc8 13.b3 Nh6 14.Bxh6 gxh6 15.Ng3 c5
16.dxc5 bxc5 17.Bf1 Qc7 18.Rab1 Nc6 19.Nh5 Ka8 20.c4 dxc4 21.bxc4 Nd4 22.Nxd4 cxd4
23.Rxb7 Qxb7 24.Bd3 Rc6 25.Be4 Bc5 26.Rb1 Qc7 27.Qf3 Rc8 28.Nf4 a6 29.Nd3 Bxa3
30.Ra1 Qb6 31.g3 Bf8 32.c5 Qb5 33.Qxf7 Kb8 34.Bxc6 Qxc6 35.Nb4 Qb7 36.Nxa6+ Ka7
37.Qxe6 d3 38.c6 Rxc6 39.Nb4+ Kb6 40.Nxc6  1-0

[Event "Belgorod"]
[Site "Belgorod"]
[Date "1990.??.??"]
[Round "?"]
[White "Kholmov, Ratmir D"]
[Black "Zilberman, Nathan R"]
[Result "1-0"]
[WhiteElo "2485"]
[BlackElo "2455"]

1.e4 e6 2.d4 d5 3.Nc3 Bb4 4.e5 Qd7 5.a3 Bxc3+ 6.bxc3 b6 7.Qg4 f5 8.Qg3 Ba6
9.Bxa6 Nxa6 10.Ne2 O-O-O 11.a4 Kb7 12.O-O Nb8 13.a5 b5 14.Nf4 a6 15.Ba3 Nh6
16.Nd3 Qf7 17.f3 Nd7 18.Kf2 Rdg8 19.h4 Qe8 20.Ke2 Nf7 21.Qf2 Nd8 22.Rh1 Qf7
23.Raf1 Nc6 24.Bb4 g6 25.Qe3 h6 26.g4 Rh7 27.Rh2 g5 28.hxg5 hxg5 29.Rfh1 Rxh2+
30.Rxh2 Qg6 31.Kd2 Rg7 32.Rh5 Nd8 33.Qe1 Nf7 34.Qh1 Kc6 35.Ba3 Kb7 36.Kd1 f4
37.Kd2 Kc6 38.Kc1 Kb7 39.Kd1 Kc8 40.Kd2 Kb7 41.Kc1 Kc8 42.Kd2 Kb7 43.Qb1 Nd8
44.Nf2 c5 45.Nh3 Nf7 46.Nf2 Rg8 47.Nd3 Rc8 48.Rh2 Ka8 49.Bxc5 Nxc5 50.Nxc5 Rxc5
51.dxc5 Nxe5 52.Qh1 Kb7 53.Rh7+ Kc6 54.Ra7 Nc4+ 55.Kc1 Ne3 56.Qh2 b4 57.Rxa6+ Kxc5
58.cxb4+ Kxb4 59.Qd2+ Kc5 60.Rb6 Nc4 61.Qb4+ Kd4 62.Rb5 Qh7 63.Qc5+  1-0

[Event "Belgrade-B"]
[Site "Belgrade"]
[Date "1990.??.??"]
[Round "13"]
[White "Kovacevic, Predrag"]
[Black "Arkhipov, Sergey"]
[Result "1-0"]
[WhiteElo "2400"]
[BlackElo "2440"]

1.e4 e6 2.d4 d5 3.Nc3 Bb4 4.e5 Ne7 5.a3 Bxc3+ 6.bxc3 b6 7.Nf3 Ba6 8.Bxa6 Nxa6
9.Ng5 Nb8 10.Qh5 Ng6 11.f4 Qd7 12.O-O Nc6 13.g4 Nce7 14.a4 f5 15.Ba3 c5 16.a5 h6
17.Nh3 fxg4 18.f5 O-O 19.fxg6 gxh3 20.Rf7 Qe8 21.dxc5 Rxf7 22.gxf7+ Qxf7
23.Qxf7+ Kxf7 24.cxb6 axb6 25.axb6 Nc6 26.Rf1+ Kg6 27.Bd6 Ra2 28.Rb1 Rxc2
29.b7 Rg2+ 30.Kf1 Rxh2 31.Rb6 Rc2 32.Kg1 d4 33.Rxc6 d3 34.b8=Q d2 35.Qb1 h2+
36.Kh1  1-0

[Event "Berliner Sommer"]
[Site "Berlin"]
[Date "1990.??.??"]
[Round "?"]
[White "Kiselev, Sergey"]
[Black "Piskov, Yury"]
[Result "1-0"]
[WhiteElo "2450"]
[BlackElo "2445"]

1.e4 e6 2.d4 d5 3.Nc3 Bb4 4.e5 Ne7 5.a3 Bxc3+ 6.bxc3 c5 7.Qg4 O-O 8.Bd3 f5
9.exf6 Rxf6 10.Bg5 Nd7 11.Qh4 h6 12.Bxf6 Nxf6 13.dxc5 e5 14.f3 e4 15.fxe4 dxe4
16.Bxe4 g5 17.Qxh6 Nxe4 18.Nf3 Bf5 19.O-O Qf8 20.Qh5 Bg6 21.Qg4 Bf5 22.Qh5 Bg6
23.Qh3 Qc8 24.Qxc8+ Rxc8 25.Rab1 Rc7 26.Rfe1 Nxc3 27.Rb4 Ned5 28.Rg4 Rg7
29.Nxg5 Nf6 30.Rg3 Nce4 31.Nxe4 Bxe4 32.Rxg7+ Kxg7 33.g4 Kg6 34.h3  1-0

[Event "Biel op"]
[Site "Biel"]
[Date "1990.??.??"]
[Round "6"]
[White "Kindermann, Stefan"]
[Black "Sahovic, Dragutin"]
[Result "1-0"]
[WhiteElo "2530"]
[BlackElo "2370"]

1.e4 e6 2.d4 d5 3.Nc3 Bb4 4.e5 Qd7 5.Bd2 b6 6.Bb5 c6 7.Ba4 a5 8.a3 Bf8 9.Nce2 Ba6
10.c3 Bb5 11.Bc2 c5 12.Nf3 Nc6 13.O-O Nge7 14.Re1 Nc8 15.Nf4 g6 16.Be3 Be7
17.b3 c4 18.a4 Ba6 19.bxc4 Bxc4 20.Nd2 Ba6 21.c4 dxc4 22.Be4 Bb7 23.d5 Nb4
24.dxe6 fxe6 25.Bxb7 Qxb7 26.Nxc4 Qe4 27.Nd6+ Nxd6 28.exd6 Bf6 29.Bd2 Qc2
30.Rxe6+ Kf7 31.Qf3 Rhe8 32.Rxf6+ Kxf6 33.Bc3+ Kf7 34.Qb7+  1-0